| 000 | 00803nim a22002297a 4500 | ||
|---|---|---|---|
| 005 | 20170215181854.0 | ||
| 008 | 170215b ck ||||| |||| 00| 0 spa d | ||
| 040 |
_aCO-BoIAVH _cCO-BoIAVH |
||
| 041 | _aspa | ||
| 090 |
_aS _b0009 |
||
| 100 | 1 |
_aJaramillo Olarte, Lucía _eDirectora _eLocutora _eTextos _979734 |
|
| 245 | 1 | 0 |
_aVoces de la naturaleza colombiana _hcassette de audio |
| 257 | _aColombia | ||
| 264 |
_aSantafé de Bogotá: _bAudiovisión, _c1993. |
||
| 300 |
_a20 minutos _bCasete de audio |
||
| 650 | 1 |
_aNaturaleza _vArchivos de sonido _979735 |
|
| 700 | 1 |
_aGarlfield Stiles, Frank _egrabaciones _979736 |
|
| 700 | 1 |
_aAlvarez, Mauricio _egrabaciones _94791 |
|
| 700 | 1 |
_aOlarte Restrepo, Luis Germán _egrabaciones _979737 |
|
| 700 | 1 |
_aMárquez, César _egrabaciones _92724 |
|
| 942 |
_2z _cCASETE |
||
| 999 |
_c19330 _d19330 |
||